|
|
|
|
| LEADER |
00000nam0a2200000 4500 |
| 001 |
243353 |
| 005 |
20231031210430.0 |
| 010 |
|
|
|a 9785160048420
|
| 035 |
|
|
|a (RuTPU)RU\TPU\book\264695
|
| 090 |
|
|
|a 243353
|
| 100 |
|
|
|a 20130925d2014 m y0rusy50 ca
|
| 101 |
0 |
|
|a rus
|
| 102 |
|
|
|a RU
|
| 105 |
|
|
|a a j 001zy
|
| 200 |
1 |
|
|a Управление информацией и знаниями в компании
|e учебник для вузов
|f С. Н. Селетков, Н. В. Днепровская
|
| 210 |
|
|
|a Москва
|c Инфра-М
|d 2014
|
| 215 |
|
|
|a 208 с.
|c ил.
|
| 225 |
1 |
|
|a Высшее образование. Бакалавриат
|
| 320 |
|
|
|a Библиогр.: с. 201-204.
|
| 330 |
|
|
|a Раскрывается содержание управления информационными ресурсами и знаниями в компании. Особое внимание уделяется технологии получения сведений из мировых информационных ресурсов. Предложены методы выбора источников, содержащих нужные сведения, на основе исследования рынка информационных ресурсов. В интересах решения задач компании: развития инноваций, обучения персонала и эффективного менеджмента — рассмотрены правовые аспекты формирования и использования информации. Для аспирантов и студентов, обучающихся по специальности «Прикладная информатика», а также для специалистов в области менеджмента, маркетинга и информационных систем.
|
| 606 |
1 |
|
|a Предприятия
|x Экономика
|x Управления
|x Информационные системы
|2 stltpush
|3 (RuTPU)RU\TPU\subj\71174
|
| 610 |
1 |
|
|a компании
|
| 610 |
1 |
|
|a организации
|
| 610 |
1 |
|
|a информация
|
| 610 |
1 |
|
|a информационный менеджмент
|
| 610 |
1 |
|
|a информационные потребности
|
| 610 |
1 |
|
|a мировой рынок
|
| 610 |
1 |
|
|a Интернет
|
| 610 |
1 |
|
|a информационная среда
|
| 610 |
1 |
|
|a знания
|
| 610 |
1 |
|
|a учебники
|
| 686 |
|
|
|a У9(2)29-2я73
|v LBC/SL-A
|2 rubbk
|
| 700 |
|
1 |
|a Селетков
|b С. Н.
|
| 701 |
|
1 |
|a Днепровская
|b Н. В.
|
| 801 |
|
1 |
|a RU
|b 63413507
|c 20130925
|
| 801 |
|
2 |
|a RU
|b 63413507
|c 20150626
|g RCR
|
| 942 |
|
|
|c BK
|
| 959 |
|
|
|a 127/20130924
|d 2
|e 399,90
|f ЧЗГЛ:1
|f АНЛ:1
|